U.S. State Border Crossings - Statistics

General Stats
  • This quiz has been taken 96,966 times
  • The average score is 19 of 22
Answer Stats
Start In Go... New State % Correct
Washington South Oregon
99%
Nevada West California
98%
Georgia South Florida
98%
Louisiana West Texas
95%
Wyoming North Montana
92%
Colorado West Utah
91%
Arizona East New Mexico
89%
Oregon East Idaho
88%
Oklahoma South Texas
87%
Indiana West Illinois
86%
Minnesota East Wisconsin
86%
Alabama North Tennessee
85%
New Hampshire South Massachusetts
84%
Ohio North Michigan
84%
South Carolina South Georgia
83%
North Dakota East Minnesota
83%
Vermont West New York
82%
Rhode Island West Connecticut
81%
Utah West Nevada
81%
Indiana South Kentucky
78%
Kansas East Missouri
74%
South Dakota South Nebraska
74%
No matching quizzes found
Score Distribution
Percent of People with Each Score
Percentile by Number Answered
Your Score History
You have not taken this quiz